00723nam a22001937a 4500008004100000020001800041040007000059041000800129100002300137245006100160250001100221260006800232300005000300504005300350650003200403650002800435650004900463700001700512130821s2011 enka gr eng  a9780199581078 aCO-BoUCMbspacAngélica Rojas (modificó)dAldemar Mondragón00aeng1 aBlowfield, Michael10aCorporate responsibilitycMichael Blowfield, Alan Murray a2nd ed aOxford (Oxfordshire, Inglaterra)bOxford University Pressc2011 axxi, 431 páginasbilustraciones, gráficas aIncluye referencias bibliográficas e índices 7aDesarrollo sostenible2LEMB 7aÉtica en los negocios 7aResponsabilidad social en los negocios2LEMB1 aMurray, Alan